000
00308nam a2200121 4500
999
_c
10792
_d
10792
003
OSt
005
20220927144858.0
008
220927b ||||| |||| 00| 0 eng d
110
_a
Philip Drew
245
_a
Tensile Architecture
260
_a
London
_b
Crosby Lockwood staples :Granade publishing
942
_2
ddc